000 00722nam a2200241Ia 4500
003 OSt
005 20221007063241.0
006 a|||||r|||| 00| 0
007 ta
008 221006b |||||||| |||| 00| 0 eng d
024 _a9,560
037 _cReference Collections
040 _aFLL
_cFLL
_beng
041 _2eng
_aeng
082 _aZ1,881, L7
100 _aAbraham Henry J.
245 0 _aJudicial process
_b An introduction analysis of the courts of the United states, England, and France
250 _a3rd
260 _aBombay
_bOxford University Press India
_c1977
300 _a542p
_ccm.
942 _hZ1,881, L7
_cREF
_2CC
999 _c1130796
_d1130796